Llwytho...
Adiyum Podiyum /
| Prif Awdur: | |
|---|---|
| Iaith: | Undetermined |
| Cyhoeddwyd: |
Current Books ,
1999.
|
| LEADER | 00526nam a2200133Ia 4500 | ||
|---|---|---|---|
| 001 | 131289 | ||
| 008 | 170722s9999 xx 000 0 und d | ||
| 100 | |a Kunhunni | ||
| 245 | |a Adiyum Podiyum / | ||
| 260 | |b Current Books , |c 1999. | ||
| 942 | |c GEN | ||
| 999 | |c 119781 |d 119781 | ||
| 952 | |0 0 |1 0 |4 0 |6 O_321N269X_N9KRN91 |7 0 |8 KR |9 169473 |a LIB |b LIB |d 2017-08-12 |o O32,1N269x N9(KR),N9;1 |p 235201 |r 2017-08-12 |w 2017-08-12 |y GEN | ||
| 952 | |0 0 |1 0 |4 0 |6 O_321N269X_N9KRN91 |7 0 |9 169474 |a LIB |b LIB |d 2017-08-12 |o O32,1N269x N9(KR),N9;1 |p 235202 |r 2017-08-12 |w 2017-08-12 |y GEN | ||